|
|
|
|
| LEADER |
00000nam a22000007a 4500 |
| 005 |
20220824223744.0 |
| 007 |
cr|||| |||| |
| 008 |
220824s2021 pe |||||s|||| 00||0 spa d |
| 020 |
|
|
|a 9786123252236
|
| 035 |
|
|
|a 36952
|
| 040 |
|
|
|a vLex
|
| 090 |
|
|
|c 13818
|d 13818
|
| 100 |
1 |
|
|a Rosales Roa, Ricardo F.
|
| 245 |
1 |
0 |
|a Liberalismo igualitario, discurso de odio y grupos discriminados
|h [Recurso electrn̤ico] :
|b Una teora̕ contra el discurso de odio para la regin̤ /
|c Ricardo F. Rosales Roa
|
| 256 |
|
|
|a Servicio en ln̕ea
|
| 260 |
|
|
|a Lima:
|b Palestra Editores,
|c 2021
|
| 300 |
|
|
|a 1 recurso electrn̤ico
|
| 500 |
|
|
|a La constatacin̤ de la existencia de una tensin̤ la posible falta de proteccin̤ de miembros de estos grupos ante discursos de odio o intolerantes y su abordaje en el marco de las garanta̕s a la libertad de expresin̤ dan lugar a esta obra. Esta tensin̤ supera la pregunta inmediata sobre qu ̌estǹdares jurd̕icos deben aplicarse en estos casos. El problema es ms̀ complejo y se inscribe en el profundo debate acerca de los lm̕ites de la libertad de expresin̤ en una sociedad democrt̀ica. Se trata de pensar cul̀ es su contenido y justificacin̤ moral. Este trabajo es una apuesta por traspasar la barrera de la crt̕ica y se anima a proponer, desde el liberalismo democrt̀ico, una teora̕ regional de la libertad de expresin̤ con ňfasis en el discurso de odio y el discurso intolerante, que armonice la relacin̤ de nuestros valores ms̀ preciados de la democracia liberal y cristalice en una propuesta de ley modelo interamericana contra el discurso de odio.
|
| 506 |
1 |
|
|a Disponible solo en los productos indicados
|d vLex Global
|d vLex Global (Academic Edition, excluding Law Schools)
|d vLex Global (U.S. Academic Edition, Law Schools)
|d vLex Global (U.S. Academic Edition, excluding Law Schools)
|d vLex Global (Academic Edition, Law Schools)
|
| 650 |
0 |
4 |
|a Derecho Constitucional
|z Per︢
|
| 650 |
0 |
4 |
|a Economa̕ Espaǫla
|z Per︢
|
| 740 |
0 |
|
|a vLex Libros (Servicio en ln̕ea)
|
| 856 |
4 |
0 |
|u https://app.vlex.com/#/sources/36952
|z Acceso restringido
|
| 942 |
|
|
|c BOOK
|
| 999 |
0 |
|
|a Constitutional Law
|
| 999 |
0 |
|
|a Spanish Economy
|